Свет дня: роман; пер. с англ.

Dades bibliogràfiques
Autor principal: Свифт Г. Грэм
Altres autors: Мотылев Л. Леонид (переводчик)
Idioma:rus
Publicat: Москва, Изд-во О. Морозовой, 2005
Matèries:
Format: MixedMaterials Llibre
KOHA link:https://koha.lib.tpu.ru/cgi-bin/koha/opac-detail.pl?biblionumber=110740

MARC

LEADER 00000nam0a2200000 4500
001 110740
005 20231031120549.0
010 |a 5986950046 
035 |a (RuTPU)RU\TPU\book\119598 
090 |a 110740 
100 |a 20070301d2005 m y0rusy50 ca 
101 1 |a rus  |c eng 
102 |a RU 
105 |a y z 000ay 
200 1 |a Свет дня  |e роман  |e пер. с англ.  |f Г. Свифт  |g пер. Л. Мотылева 
210 |a Москва  |c Изд-во О. Морозовой  |d 2005 
215 |a 384 с. 
610 1 |a английская литература 
610 1 |a романы 
610 1 |a любовь 
610 1 |a проза 
675 |a 82  |v 3 
700 1 |a Свифт  |b Г.  |g Грэм 
702 1 |a Мотылев  |b Л.  |g Леонид  |4 730 
801 1 |a RU  |b 63413507  |c 20070301  |g PSBO 
801 2 |a RU  |b 63413507  |c 20070925  |g PSBO 
942 |c BK 
959 |a 25/20070301  |d 1  |e 159,17  |f ХФ:1